UM Logo

Reading and writing basic English: (Record no. 3377)

MARC details
000 -LEADER
fixed length control field 00511nam a22001577a 4500
008 - FIXED-LENGTH DATA ELEMENTS--GENERAL INFORMATION
fixed length control field 160713b xxu||||| |||| 00| 0 eng d
020 ## - INTERNATIONAL STANDARD BOOK NUMBER
International Standard Book Number 0-9663705-0-3
082 ## - DEWEY DECIMAL CLASSIFICATION NUMBER
Edition number 1999
Classification number DC 425.076
Item number T71
100 ## - MAIN ENTRY--PERSONAL NAME
9 (RLIN) 11258
Personal name Treadgold, S.E.
245 ## - TITLE STATEMENT
Title Reading and writing basic English:
Remainder of title student workbook/
Statement of responsibility, etc. S. E. Treadgold.
260 ## - PUBLICATION, DISTRIBUTION, ETC. (IMPRINT)
Place of publication, distribution, etc. Seattle, Washington:
Name of publisher, distributor, etc. New Leaf ESL Materials,
Date of publication, distribution, etc. c1999.
300 ## - PHYSICAL DESCRIPTION
Extent 162 pages:
Other physical details illustrations;
Dimensions 28 cm.
650 #0 - SUBJECT ADDED ENTRY--TOPICAL TERM
9 (RLIN) 11261
Topical term or geographic name as entry element Reading
650 #0 - SUBJECT ADDED ENTRY--TOPICAL TERM
9 (RLIN) 11262
Topical term or geographic name as entry element Writing
942 ## - ADDED ENTRY ELEMENTS (KOHA)
Source of classification or shelving scheme Dewey Decimal Classification
Koha item type Circulation
Holdings
Withdrawn status Lost status Source of classification or shelving scheme Damaged status Not for loan Collection code Home library Current library Date acquired Source of acquisition Total Checkouts Full call number Barcode Date last seen Copy number Price effective from Koha item type
    Dewey Decimal Classification     Circulation UM Digos College - LIC UM Digos College - LIC 07/13/2016 Purchased   DC 425.076 T71 1999 15696 05/15/2025 5 07/13/2016 Circulation